Čo je za správaním?

Podstata techniky analýzy správania sa. Kategórie správania sa .

Saved in:
Bibliographic Details
Format: Book Chapter
Language:Slovak
Subjects:
Tags: Add Tag
No Tags, Be the first to tag this record!

MARC

LEADER 00000naa a2200000 4500
001 r045122
005 20230920074836.2
041 0 |a slo 
044 |a SK 
245 1 0 |a Čo je za správaním? 
520 |a Podstata techniky analýzy správania sa. Kategórie správania sa . 
610 2 0 |a komunikácia 
610 2 0 |a pracovníci 
610 2 0 |a analýzy 
610 2 0 |a manažéri 
610 2 0 |a rozhodovanie 
610 2 0 |a psychológia